Best Known Cities by Population - Statistics

General Stats
  • This quiz has been taken 17 times
  • The average score is 8 of 25
Answer Stats
Guess Coverage City % Correct
25.44 Rome
77%
18.56 Berlin
69%
16.70 Sydney
62%
20.45 Athens
54%
16.84 Barcelona
46%
16.97 Frankfurt
46%
18.84 Hamburg
46%
14.71 Montreal
46%
16.33 Seattle
46%
15.56 Naples
38%
22.15 Vancouver
38%
18.46 Birmingham
31%
15.32 Denver
31%
15.09 Cape Town
23%
19.60 Kiev
23%
21.90 Manchester
23%
16.88 Brasília
15%
19.50 Quito
15%
20.00 San Diego
15%
17.02 Caracas
8%
18.31 Tel Aviv
8%
17.24 Abuja
0%
15.06 Algiers
0%
18.33 Pyongyang
0%
19.56 Sana'a
0%
No matching quizzes found
Score Distribution
Percent of People with Each Score
Percentile by Number Answered
Your Score History
You have not taken this quiz